| 000 | 00648nam a22001935i 4500 | ||
|---|---|---|---|
| 001 | 171278 | ||
| 003 | ES-MaACL | ||
| 005 | 20230906214603.0 | ||
| 008 | 090507s1889 fr |||| | fre d | ||
| 080 | _a782.1 | ||
| 100 | 1 |
_aScribe, Eugène. _9104966 |
|
| 245 | 1 | 4 |
_aLes Huguenots _b: opéra en cinq actes / _cparoles de Eugène Scribe ; musique de Giacomo Meyerbeer. |
| 250 | _aNouvelle éd. | ||
| 260 |
_aParis : _bTresse et Stock, _c1889. |
||
| 300 |
_a84 p. ; _c18 cm. |
||
| 650 | 1 | 4 |
_aÓperas- _vLibretos. _9137584 |
| 700 | 1 |
_aMeyerbeer, Giacomo. _980809 |
|
| 852 | 4 |
_aES-MaACL _jE-12631 _9R.140211 _z. - Biblioteca Jacinto Martínez Lacalle |
|
| 999 |
_c171278 _d171278 |
||